000
00247nam a2200097Ia 4500
001
1182375
005
20250827020833.0
008
250824s9999 xx 000 0 und d
245
0
_a
GÜRÜLTÜCÜLER
_c
FUNDA ÖZLEM ŞERAN
260
_b
ALTIN KİTAPLAR
999
_c
1182375
_d
1182375